New Testament theology : (Record no. 62548)
[ view plain ]
| 000 -LEADER | |
|---|---|
| fixed length control field | 01797cam a22002774a 4500 |
| 001 - CONTROL NUMBER | |
| control field | 15600930 |
| 003 - CONTROL NUMBER IDENTIFIER | |
| control field | OSt |
| 005 - DATE AND TIME OF LATEST TRANSACTION | |
| control field | 20160518144717.0 |
| 008 - FIXED-LENGTH DATA ELEMENTS--GENERAL INFORMATION | |
| fixed length control field | 090127s2009 tnu b 001 0 eng |
| 010 ## - LIBRARY OF CONGRESS CONTROL NUMBER | |
| LC control number | 2009003083 |
| 020 ## - INTERNATIONAL STANDARD BOOK NUMBER | |
| International Standard Book Number | 9780687341207 (pbk. : alk. paper) |
| 040 ## - CATALOGING SOURCE | |
| Original cataloging agency | DLC |
| Transcribing agency | DLC |
| Modifying agency | DLC |
| 050 00 - LIBRARY OF CONGRESS CALL NUMBER | |
| Classification number | BS2397 |
| Item number | .D835 2009 |
| 082 00 - DEWEY DECIMAL CLASSIFICATION NUMBER | |
| Classification number | 230/.0415 |
| Edition number | 22 |
| 100 1# - MAIN ENTRY--PERSONAL NAME | |
| Personal name | Dunn, James D. G., |
| Dates associated with a name | 1939- |
| 9 (RLIN) | 6903 |
| 245 10 - TITLE STATEMENT | |
| Title | New Testament theology : |
| Remainder of title | an introduction / |
| Statement of responsibility, etc | James D.G. Dunn. |
| 260 ## - PUBLICATION, DISTRIBUTION, ETC. (IMPRINT) | |
| Place of publication, distribution, etc | Nashville, TN : |
| Name of publisher, distributor, etc | Abingdon Press, |
| Date of publication, distribution, etc | 2009. |
| 300 ## - PHYSICAL DESCRIPTION | |
| Extent | ix, 232 p. ; |
| Dimensions | 23 cm. |
| 490 0# - SERIES STATEMENT | |
| Series statement | Library of biblical theology ; |
| Volume number/sequential designation | 3 |
| 504 ## - BIBLIOGRAPHY, ETC. NOTE | |
| Bibliography, etc | Includes bibliographical references (p. 161-164) and index. |
| 505 0# - FORMATTED CONTENTS NOTE | |
| Formatted contents note | Introduction -- What is New Testament theology? -- Which Bible? whose Bible? -- The question of the canon -- Theology or theologies -- Theology or theologizing -- Paul, the NT theologian par excellence -- The determining factors -- NT theology and the OT -- The revelation of Jesus Christ -- The experience of the spirit -- The central subject matter of a biblical theology of the NT -- The theology of God -- The inherited theology -- Making sense of Jesus (Christology) in relation to theo-logy -- The theology of salvation -- The inherited theology -- The NT theology of salvation -- The Church of God -- The inherited theology -- Israel redefined -- The ethical outworkings -- The inherited theology -- The law and the NT -- The main findings -- Theology as theologizing. |
| 630 00 - SUBJECT ADDED ENTRY--UNIFORM TITLE | |
| Uniform title | Bible. |
| Name of part/section of a work | New Testament |
| General subdivision | Theology. |
| 9 (RLIN) | 24014 |
| 906 ## - LOCAL DATA ELEMENT F, LDF (RLIN) | |
| a | 7 |
| b | cbc |
| c | orignew |
| d | 1 |
| e | ecip |
| f | 20 |
| g | y-gencatlg |
| 942 ## - ADDED ENTRY ELEMENTS (KOHA) | |
| Source of classification or shelving scheme | Library of Congress Classification |
| Koha item type | Books |
| Withdrawn status | Lost status | Source of classification or shelving scheme | Damaged status | Not for loan | Collection code | Home library | Current library | Shelving location | Date acquired | Source of acquisition | Cost, normal purchase price | Total Checkouts | Total Renewals | Full call number | Barcode | Date last seen | Date checked out | Copy number | Price effective from | Koha item type |
|---|---|---|---|---|---|---|---|---|---|---|---|---|---|---|---|---|---|---|---|---|
| Library of Congress Classification | General Circulation | AIU/NEGST - Tony Wilmot Memorial Library | AIU/NEGST - Tony Wilmot Memorial Library | General Stacks | 09/15/2016 | D- Prof. Murray Harris | 43.00 | 5 | 1 | BS 397.D835 2009 | R37491L3232 | 03/13/2023 | 07/27/2022 | 1 | 05/18/2016 | Books |
